| 000 | 00523cam a22001457a 4500 | ||
|---|---|---|---|
| 008 | 180718b1990 xxu||||| |||| 00| 0 eng d | ||
| 082 | _aA6x547 M974 | ||
| 100 | _aMalik, Ikram Ali | ||
| 245 |
_aMuslim League session 1940 and the Lahore resolution (documents) _cby Ikram Ali Malik |
||
| 260 |
_aIslamabad _bNational Institute of Historical and Cultural Research _c1990 |
||
| 300 | _a365p. | ||
| 440 | _aHistorical studies (Pakistan) series: 6 | ||
| 650 | _aAll-India Muslim League | ||
| 650 | _aPakistan - History, 1939-1946 | ||
| 999 |
_c387775 _d387775 |
||